| 000 | 01237nam a22003134a 4500 | ||
|---|---|---|---|
| 001 | ebr10069815 | ||
| 003 | CaPaEBR | ||
| 006 | m u | ||
| 007 | cr cn||||||||| | ||
| 008 | 011105s2002 enka sb 001 0 eng | ||
| 010 | _z 2001052862 | ||
| 020 | _z0521800226 (hardback) | ||
| 040 |
_aCaPaEBR _cCaPaEBR |
||
| 035 | _a(OCoLC)70745709 | ||
| 050 | 1 | 4 |
_aQP624.5.D726 _bB353 2002eb |
| 082 | 0 | 4 |
_a572.8/65 _221 |
| 100 | 1 | _aBaldi, Pierre. | |
| 245 | 1 | 0 |
_aDNA microarrays and gene expression _h[electronic resource] / _cPierre Baldi and G. Wesley Hatfield. |
| 260 |
_aCambridge, UK ; _aNew York, NY : _bCambridge University Press, _c2002. |
||
| 300 |
_axvi, 213 p. : _bill. (some col.). |
||
| 504 | _aIncludes bibliographical references and index. | ||
| 533 |
_aElectronic reproduction. _bPalo Alto, Calif. : _cebrary, _d2013. _nAvailable via World Wide Web. _nAccess may be limited to ebrary affiliated libraries. |
||
| 650 | 0 | _aDNA microarrays. | |
| 650 | 0 | _aGene expression. | |
| 655 | 7 |
_aElectronic books. _2local |
|
| 700 | 1 |
_aHatfield, G. Wesley, _d1940- |
|
| 710 | 2 | _aebrary, Inc. | |
| 856 | 4 | 0 |
_uhttp://site.ebrary.com/lib/rucke/Doc?id=10069815 _zAn electronic book accessible through the World Wide Web; click to view |
| 999 |
_c29405 _d29405 |
||